000 00508nam a2200181Ia 4500
001 9312
005 20260306161709.0
008 260306t2000||||xx |||||||||||||| ||spa||
041 _aESP
082 _a378.1
_bI436-1
100 _aInstituto de Investigación y Fomento de la modernización de las Universidades Peruanas (IFOMACU).
_eAUT
245 0 _aHacia un lexicón universitario
260 _c2000
300 _a190 páginas :
_c20 cm.
650 _aGEN
654 _aCED
942 _cLIB
_dJUS
_fJUS
_2ddc
_n
999 _c9312
_d9312